000 00850cam a2200301 4500500
005 20260329001523.0
041 _afre
042 _adc
100 1 0 _aCassin, Barbara
_eauthor
700 1 0 _aTruong, Nicolas
_eauthor
245 0 0 _aBarbara Cassin : “Je cherche ce que parler veut dire”
260 _c2007.
500 _a68
690 _aBarbara Cassin
690 _aIntraduisible
690 _aLinguistique
690 _aLogos
690 _aParler
690 _aParole
690 _aPhilologie
690 _aPhilosophie du langage
690 _aPlaton
690 _aSophistes
690 _aTraduction
690 _aVerbe
786 0 _nPhilosophie magazine | 14 | 11 | 2007-11-01 | p. 22-25 | 1951-1787
856 4 1 _uhttps://shs.cairn.info/magazine-philosophie-magazine-2007-11-page-22?lang=fr&redirect-ssocas=7080
999 _c1806187
_d1806187